000
00265nam a2200121Ia 4500
005
20251222144627.0
008
251222s9999||||xx |||||||||||||| ||spa||
082
_a
616.65/V84
100
_a
Völter, D.
245
0
_a
La Próstata:
264
_b
Temis
942
_c
LIB
999
_c
16146
_d
16146